Проблемы рецидива преступлений и ответственности за него по уголовному праву России (Запис № 411211)

МАРК-запис
000 -Лідер
fixed length control field 03524nam a22003377a 4500
003 - Ідентифікатор контрольного номера
control field UA-OsUOA
001 - Контрольний номер
control field 124006
007 - Фіксоване поле фізичного опису
fixed length control field ta
008 - Елементи даних фіксованої довжини – загальна інформація
fixed length control field 20170720b un ||||| |||| 00| 0 ukr d
090 ## - Локальний шифр розміщення
Класифікаційний індекс УДК 343.23(470+571)
Авторський знак (НП) Ю17
040 ## - Джерело каталогізації
Агенція оригінальної каталогізації UA-OsUOA
Мова каталогізації rus
Агенція, яка здійснювала перезапис UA-OsUOA
Агенція, яка здійснювала модифікацію UA-OsUOA
041 ## - Код мови
Код мови тексту/ звукової доріжки чи окремого заголовка (П) rus
080 ## - Індекс Універсальної десяткової класифікації
Індекс Універсальної десяткової класифікації (УДК) (НП) 343.23(470+571)
020 ## - Міжнародний стандартний книжковий номер (ISBN)
Міжнародний стандартний книжковий номер (ISBN) (НП) 978-5-93295-269-6
100 ## - Основне введення – ім’я особи
Ім’я особи (НП) Южанин В. Е.
245 ## - Відомості про назву
Назва (НП) Проблемы рецидива преступлений и ответственности за него по уголовному праву России
Решта назви (НП) монография
260 ## - Публікація, розповсюдження і т.п. (Вихідні дані)
Місце публікації, розповсюдження і т.п. (П) М.
Ім’я/ наймення видавництва, розповсюджувача і т.п. (П) Юрлитинформ
Дата публікації, розповсюдження і т.п. (П) 2007
300 ## - Фізичний опис
Обсяг 192 с.
520 3# - Резюме і т.п.
Резюме, реферат, анотація, тощо (НП) ецидива преступлений . . . . . . . . . . . . . . . . . . . . . . . 491.4. История формирования понятия "рецидив преступлений" и ответственностиза него по российскому праву . . . . . . . . . . . . . . . . . . . . . . . . .69Глава 2. Ответственнос
520 3# - Резюме і т.п.
Резюме, реферат, анотація, тощо (НП) ецидива преступлений . . . . . . . . . . . . . . . . . . . . . . . 491.4. История формирования понятия "рецидив преступлений" и ответственностиза него по российскому праву . . . . . . . . . . . . . . . . . . . . . . . . .69Глава 2. Ответственнос
520 3# - Резюме і т.п.
Резюме, реферат, анотація, тощо (НП) ецидива преступлений . . . . . . . . . . . . . . . . . . . . . . . 491.4. История формирования понятия "рецидив преступлений" и ответственностиза него по российскому праву . . . . . . . . . . . . . . . . . . . . . . . . .69Глава 2. Ответственнос
520 3# - Резюме і т.п.
Резюме, реферат, анотація, тощо (НП) ецидива преступлений . . . . . . . . . . . . . . . . . . . . . . . 491.4. История формирования понятия "рецидив преступлений" и ответственностиза него по российскому праву . . . . . . . . . . . . . . . . . . . . . . . . .69Глава 2. Ответственнос
520 3# - Резюме і т.п.
Резюме, реферат, анотація, тощо (НП) ецидива преступлений . . . . . . . . . . . . . . . . . . . . . . . 491.4. История формирования понятия "рецидив преступлений" и ответственностиза него по российскому праву . . . . . . . . . . . . . . . . . . . . . . . . .69Глава 2. Ответственнос
520 3# - Резюме і т.п.
Резюме, реферат, анотація, тощо (НП) ецидива преступлений . . . . . . . . . . . . . . . . . . . . . . . 491.4. История формирования понятия "рецидив преступлений" и ответственностиза него по российскому праву . . . . . . . . . . . . . . . . . . . . . . . . .69Глава 2. Ответственнос
520 3# - Резюме і т.п.
Резюме, реферат, анотація, тощо (НП) ецидива преступлений . . . . . . . . . . . . . . . . . . . . . . . 491.4. История формирования понятия "рецидив преступлений" и ответственностиза него по российскому праву . . . . . . . . . . . . . . . . . . . . . . . . .69Глава 2. Ответственнос
650 #7 - Додаткове предметне введення – тематичний термін
Тематичний термін чи географічна назва, як елемент введення (НП) 343 Кримінальне право. Карні порушення
Джерело заголовка чи терміна UDC
700 ## - Додаткове введення – ім'я особи
Ім’я особи (НП) Армашова А. В.
942 ## - Додаткові елементи входу (Коха)
Тип елемента Koha Книги
955 ## - Код типу видання за змістом
Код типу видання за змістом (НП) Наукові видання
Фонди
Стан вилучень Стан втрат Джерело класифікації або схеми стелажів Стан уражень Не для кредиту Код колекції Постійне місце розташування Поточне розміщення Дата придбання Джерело придбання Вартість, звичайна ціна покупки Інвентарний номер Усього замовленно Повний номер виклику Штрих-код Дата останнього перегляду Ціна ефективна від Тип елемента Koha
    Universal Decimal Classification     Колекція Бауліна Ю.В. ЧЗ - Читальна зала ЧЗ - Читальна зала 20/07/2017 31/2017 19.00 154151   343.23(470+571) Ю17 154151 29/09/2021 20/07/2017 Книги